000 00359nam a22001577a 4500
003 MPLRDC
005 20220104164725.0
008 210129b ||||| |||| 00| 0 eng d
082 _a870.57 BEA
100 _aBETTY BEATY
245 _aMISS MIRANDA'S WALK
_c
260 _a
_bHARLEQUIN BOOKS
_c1968
300 _b
650 _a
942 _cBK
_o870.57 BEA
999 _c57120
_d57110